000 00663nam a2200193 i 4500
001 167831
003 ES-MaACL
005 20230906213614.0
008 050930s1877 gw | |||||||| ||eng d
040 _aCAM
_bspa
_cCAM
100 1 _aWalford, Lucy Bethia.
_9133863
245 1 0 _aPauline /
_cby L.B. Walford.
260 _aLeipzig :
_bBernhard Tauchnitz,
_c1877.
300 _a2 v. (279 ; 279 p.) ;
_c16 cm.
490 1 _aCollection of british authors ;
_v1702 ; 1703
830 0 _aCollection of british authors ;
_v1702 ; 1703
_9180703
852 _aES-MaACL
_jG-12874
_z-- Enc. hol., conservando la cub.origina
_z-- Enc. 2 t. en 1 v.
999 _c167831
_d167831